000
00427nam a2200145Ia 4500
008
100204s9999 xx 000 0 und d
082
_b
16129
100
_a
लोकरे उत्तम
245
_a
पाउलखुणा
260
_b
"शलाका प्रकाशन , मुंबई"
_c
1989
300
_a
44
630
_a
पाउलखुणा
730
_a
पाउलखुणा
942
_c
BOOK
999
_c
460552
_d
460549